| 000 | 00744nam a22002417a 4500 | ||
|---|---|---|---|
| 999 |
_c14912 _d14912 |
||
| 003 | MIRAKIL | ||
| 005 | 20220512165702.0 | ||
| 008 | 220512b tu ||||| |||| 00| 0 tur d | ||
| 020 | _a975 331 7492 | ||
| 040 |
_aTR-AnCHP _cTR-AnCHP |
||
| 041 | _aTürkçe | ||
| 082 |
_a956.101 _bM11a 2005 |
||
| 100 | _aMcCullagh, Francis | ||
| 245 | 1 | 0 |
_aAbdülhamid'in Düşüşü/ _cFrancis McCullagh; çeviren Nihal Önol. |
| 250 | _a2 bs. | ||
| 260 |
_aİstanbul: _bEpsilon, _c2005. |
||
| 300 |
_a287 s. : _bfotg. _c24 sm. |
||
| 600 | 0 |
_95192 _aAbdülhamid II _cOsmanlı İmparatorluğu padişahı _d1842-1918 _xyaşamöyküsü |
|
| 650 | 4 |
_91099 _aTarih _xSiyasi Tarih _zTürkiye |
|
| 700 |
_97083 _aÖnol, Nihal |
||
| 942 |
_2ddc _cBKS |
||
| 999 | _d14912 | ||